| 000 | 00951cam a2200265 4500 | ||
|---|---|---|---|
| 001 | ##L134964 | ||
| 008 | 060913n2006 000 0 eng u | ||
| 020 | _a0754529568 | ||
| 035 | _a(Sirsi) u134964 | ||
| 041 | 0 | _aeng | |
| 050 | 0 | 4 | _a336.2 $2 18 |
| 100 | 1 | _aHomer, Arnold | |
| 245 | 0 | 0 | _aTolley's tax guide 2006-07 |
| 250 | _a25th ed. | ||
| 260 |
_aLondon _bLexisNexis Butterworths _c2006 |
||
| 300 |
_axlix, 860p. _c24cm. |
||
| 350 | _a54.95 | ||
| 520 | _aProvides clear and concise guidance on all aspects of UK taxation. This latest edition has been fully updated to take into account the new pension scheme provisions from April 2006 and other recent changes. Incorporates the 2006-07 tax rates and allowances. | ||
| 520 | _aSupersedes the twenty second edition (ISBN 0754521532) | ||
| 590 | _aIKA171006 | ||
| 651 | 4 |
_aEngland and Wales _y1543- |
|
| 690 | _aPROPERTY-PROPERTY TAXATION | ||
| 700 | 1 | _aBurrows, Rita | |
| 942 | _n0 | ||
| 999 |
_c105866 _d105866 |
||